000 00487nam a2200145 4500
999 _c7647
_d7647
008 171102b xxu||||| |||| 00| 0 eng d
022 _a01181831
082 _aDPer 613.05 H34 Jul-Nov 2013
100 _923076
_aVarona, Bernice.
245 _aOsteoporosis:
_bthe silent epidemic/
_cBernice Varona.
260 _aPhilippines:
_bMIMS Pte Ltd KDN,
_c©2013.
300 _apages 59-61:
_billustrations;
_c28 cm.
650 0 _923077
_aOsteoporosis
_xExercise therapy.
942 _2ddc
_cPER